Finance for the non-accountant

Bibliographic Details
Main Author: Rockley, L. E. (Author)
Format: Book
Language:English
Published: London : Business Books 1984
Edition:Fourth Edition
Subjects:

MARC

LEADER 00000cam a2200000 7i4500
001 0000002461
005 20240925.0
008 991130 enk a eng
020 |a 0091530911 
040 |a INS   |b eng   |e rda 
090 0 0 |a HF5550   |b .R6821 1984 
100 1 |a Rockley, L. E. ,   |e author 
245 1 0 |a Finance for the non-accountant   |c L. E. Rockley 
250 |a Fourth Edition 
264 1 |a London :   |b Business Books   |c 1984 
300 |a 373 pages :   |b illustrations ;   |c 24 cm. 
336 |a text  |2 rdacontent 
337 |a unmediated  |2 rdamedia 
338 |a volume  |2 rdacarrier 
500 |a Includes indes 
650 0 |a Corporation   |x Finance 
650 0 |a Industrial management 
999 |a 0000003624   |b BOOK   |c Open Shelf   |e Default branch